[Event "Moscow"]
[Site "Moscow"]
[Date "1981.04.??"]
[Round "5"]
[White "Timman, Jan H"]
[Black "Kasparov, Garry"]
[Result "1/2-1/2"]
[WhiteElo "2620"]
[BlackElo "2625"]
[Annotator "Belov,I"]
[PlyCount "48"]
[EventDate "1981.04.08"]
[EventType "tourn"]
[EventRounds "13"]
[EventCountry "URS"]
[EventCategory "15"]
[SourceTitle "MCL"]
[Source "ChessBase"]
[SourceDate "1999.07.01"]
[SourceVersion "1"]
[SourceVersionDate "1999.07.01"]
[SourceQuality "1"]

1. d4 Nf6 2. c4 g6 3. Nc3 Bg7 4. e4 d6 5. f3 O-O 6. Be3 Nc6 7. Nge2 a6 8. Nc1 (
8. Qd2 $5) 8... e5 9. d5 (9. Nb3 exd4 10. Nxd4 Nd7 11. Be2 Nc5 12. O-O Ne6 $10
{Brenninkmejer,J-Nijboer,F/Wjik aan Zee/1988/}) 9... Nd4 10. Nb3 Nxb3 (10... c5
$5 11. dxc6 bxc6 12. Nxd4 exd4 13. Bxd4 Rb8 $1 14. Qd2 Qa5 15. Rc1 Rd8 $44 {
Rodriguez,Am-Kuzmin,G/Minsk/1982/1:0 (64) Inf 33/723/}) 11. Qxb3 (11. axb3 c5
$1 $10 {/\ Nh5/}) 11... c5 (11... Nd7 $5 12. O-O-O f5 13. Be2 b6 14. Qc2 a5 15.
a3 Nf6 $10 {Salov,V-Dorfman,I/URS(ch)/1984/}) 12. dxc6 bxc6 13. O-O-O Qe7 (
13... Be6 $6 14. Qa3 $1 Ne8 15. h4 $1 f6 $6 (15... Bf6 $142) 16. c5 $16 {
Spassky,B-Korchnoi,V/Kiev(m/7)/1968/1:0 (35) Inf 6/773/}) 14. Qb6 $5 (14. c5 d5
$8 15. exd5 cxd5 16. Nxd5 Nxd5 17. Qxd5 Rb8 $44 {Karpov,Razuvaev/}) 14... Bb7
$8 15. g4 Rab8 (15... Rfb8 $142 $10 {Kasparov/}) 16. h4 Rfc8 17. h5 $14 Nd5 $6
(17... Nd7 $142 18. Qb4 Nc5 $14) 18. exd5 (18. cxd5 cxd5 19. exd5 $16) 18...
cxd5 19. Rxd5 $6 (19. cxd5 $142 Ba8 (19... Bxd5 $6 20. Qxb8 $1 Rxb8 21. Nxd5
Qb7 22. b3 $16) 20. Qa5 e4 21. hxg6 fxg6 22. f4 $1 Qb7 23. Qa3 a5 $1 24. Bd4
Bxd4 25. Rxd4 Qb6 26. Rd2 $1 Qe3 27. Be2 $1 $16 {Kasparov/}) 19... Bxd5 20.
Nxd5 Qe6 21. Qa7 $1 Ra8 (21... Qxd5 $2 22. Qxb8 $1 $18) 22. Qb7 (22. Nc7 $6
Qxc4+ $1 23. Bxc4 Rxa7 24. Bxa7 Rxc7 25. b3 d5 $17) (22. Ne7+ $6 Kf8 23. Nxc8
Rxa7 24. Nxa7 Qf6 $1 25. Be2 e4 $1 $17 {Kasparov/}) 22... Rab8 23. Qa7 Ra8 24.
Qb7 Rab8 1/2-1/2

[Event "Match/Nation ROM-DDR 14-18"]
[Site "Eforie Nord"]
[Date "1984.05.14"]
[Round "3.2"]
[White "Knaak, Rainer"]
[Black "Ghitescu, Theodor"]
[Result "1-0"]
[WhiteElo "2490"]
[BlackElo "2420"]
[Annotator "Knaak,R"]
[PlyCount "61"]
[EventDate "1984.05.10"]
[EventType "team-schev"]
[EventRounds "4"]
[EventCountry "ROU"]
[SourceTitle "EXT 2006"]
[Source "ChessBase"]
[SourceDate "2005.11.24"]
[SourceVersion "1"]
[SourceVersionDate "2005.11.24"]
[SourceQuality "1"]

{SCHACH 7/1984} 1. d4 Nf6 2. c4 g6 3. Nc3 Bg7 4. e4 d6 5. f3 O-O 6. Be3 Nc6 7.
Nge2 Rb8 ({Normal ist zuerst} 7... a6 {Mit dem folgenden Zug versuche ich die
Abweichung auszunutzen.}) 8. Rc1 $6 a6 9. b3 e5 $1 {Folgerichtig beginnt
Schwarz am anderen Flügel zu spielen.} 10. d5 Ne7 11. h4 $1 {Nach langem
Nachdenken!} (11. c5 Ne8 {ergäbe wegen der unglücklichen Aufstellung des Ne2
eher Vorteil für Schwarz.}) (11. g4 Ne8 12. Ng3 f5 13. gxf5 gxf5 14. Bg5 h6 15.
Bh4 Qd7 {und Weiß hat Probleme.}) 11... Ne8 (11... h5 12. Ng3 $16) 12. h5 f5
13. hxg6 hxg6 14. Bg5 Bf6 (14... f4 15. g3) 15. Qd2 f4 16. Bxf6 Nxf6 17. g3 g5
18. gxf4 gxf4 19. Nxf4 $1 {Das Geschehen hat sich nach dem 11.Zug von Weiß
logisch entwickelt. Das Springeropfer ist nur konsequent, denn sonst würde
Schwarz dank des Raumvorteils am Königsflügel besser stehen.} exf4 20. Qxf4 Ng6
21. Qg5 Kf7 22. Be2 $5 ({Auch andere Züge kamen in Frage, etwa} 22. Rc2) ({oder
} 22. f4 {Der Textzug plant f4 und gelegentlich Bh5. Mit der "windigen" Lage
des Königs kann Schwarz auf nicht mehr als Ausgleich hoffen.}) 22... Rg8 23. f4
Qe7 24. Kd2 Bd7 $2 {Der Verlustzug.} ({Richtig war} 24... Nxe4+ 25. Nxe4 Qxe4
26. Bd3 {und nun nicht} Qxf4+ ({sondern} 26... Qxd3+ $1 27. Kxd3 Ne5+ {Nur mit}
28. Qxe5 $1 dxe5 29. fxe5 Bf5+ 30. Kd4 b6 31. Rcf1 Rg4+ 32. Kc3 Kg6 33. Rhg1 {
kann Weiß wegen der ungünstigen Stellung des schwarzen Monarchen
Gewinnversuche unternehmen.}) 27. Qxf4+ Nxf4 28. Rcf1) 25. Rcg1 {Nun kann sich
der Nachziehende nicht mehr verteidigen. Es droht neben einfach 26.Rh6 auch 26.
f5 Ne5 27.Rh7+!! Nxh7 28.Bh5+} Kf8 26. Qh6+ Kf7 27. f5 Ne5 28. Bh5+ Nxh5 29.
Qxh5+ Kf6 30. Qh6+ Kf7 31. Qh7+ 1-0

[Event "Interzonal-14b"]
[Site "Szirak"]
[Date "1987.??.??"]
[Round "4"]
[White "Christiansen, Larry Mark"]
[Black "Hjartarson, Johann"]
[Result "0-1"]
[WhiteElo "2575"]
[BlackElo "2550"]
[Annotator "Hjartarson,J"]
[PlyCount "80"]
[EventDate "1987.07.??"]
[EventType "tourn"]
[EventRounds "17"]
[EventCountry "HUN"]
[EventCategory "12"]
[SourceTitle "CBM 003"]
[Source "ChessBase"]
[SourceDate "1988.04.01"]
[SourceVersion "1"]
[SourceVersionDate "1988.04.01"]
[SourceQuality "1"]

1. d4 Nf6 2. c4 g6 3. Nc3 Bg7 4. e4 d6 5. f3 O-O 6. Be3 Nc6 7. Qd2 a6 8. O-O-O
b5 $5 9. cxb5 $2 axb5 10. Bxb5 Na5 11. Bh6 $5 (11. Kb1) 11... c6 12. Bxg7 Kxg7
13. Bd3 Be6 $2 (13... Ba6 $5) (13... Qb6 $1 14. e5 (14. Nge2 Be6 $17 {/\ Ba2})
14... Nd5 15. Nxd5 cxd5 16. Ne2 Ba6 $17 {->}) 14. b4 $8 Nc4 15. Bxc4 Bxc4 $44
16. Qb2 Qb6 17. Nh3 Rfb8 18. Rd2 $1 (18. a3 $2 Qa6 19. Nb1 c5 $19) 18... e5 (
18... c5 19. dxc5 (19. bxc5 $2 Qa5 $40) 19... dxc5 20. b5 $13) (18... Qxb4 19.
Qxb4 Rxb4 20. Rb2 $1 c5 21. dxc5 dxc5 22. Rd1 {/\ e5} e5 {- 18...e5}) 19. Rhd1
Qxb4 20. Qxb4 Rxb4 21. Rb2 $6 (21. dxe5 dxe5 22. Rb2 c5) 21... c5 (21... Rxb2
$5 22. Kxb2 exd4 23. Rxd4 d5 24. exd5 cxd5 25. Nf4 $1 Ra5 (25... g5 $2 26.
Nfxd5 Bxd5 27. Nxd5 Rd8 28. Ne3 $1) 26. a4 g5 27. Nd3 $10) 22. dxe5 dxe5 23.
Nf2 h5 $1 {/\ h4, Nh5-f4} (23... Ne8 $2 24. Ng4) (23... Ra3 24. Kc2 $10) (23...
Rab8 24. Rdd2 Kf8 25. Nfd1 Ke7 26. Ne3 $10) 24. Rd6 $2 (24. h4 $6 Ne8 $1 {
/\ Nc7-e6-d4} 25. Nd3 Bxd3 26. Rxd3 Ra3 $1 27. Re3 $2 Nd6 28. Nd5 Rxb2 29. Rxa3
Rxg2 $19) (24. Nd3 $1 Bxd3 25. Rxd3 Ra3 26. Re3 $1 {/\ Nd5=} h4 27. h3 $10 (27.
Nd5 h3 $5 28. gxh3 (28. Rxa3 $2 Rxb2 29. Kxb2 hxg2 $19) 28... Rba4 $13)) 24...
Bf1 $17 25. g3 (25. Nd3 $2 Rd4 $19) 25... Bg2 26. Rc6 (26. Nd3 Rxb2 27. Kxb2
Bxf3 28. Nxe5 (28. Nxc5 Rc8 $19) 28... Bxe4 (28... Nxe4 $2 29. Rd7 $10) 29.
Nxe4 Nxe4 30. Rb6 $5 $17 (30. Rd7 Kf6 $1 31. Nxf7 c4 $19)) 26... Rab8 $1 27.
Re2 $2 (27. Rc2 $8 Bxf3 28. Rxc5 (28. Nd3 $2 Rd4 29. Nxe5 Bxe4 30. Nxe4 Nxe4
31. Rc7 Rdb4 $1 32. Rxf7+ Kg8 $19) 28... Nd7 $1 (28... Bxe4 29. Nfxe4 Nxe4 30.
Rxe5 Nxc3 31. Rxc3 Rb1+ 32. Kd2 R8b2+ 33. Rc2 $10) (28... Nxe4 29. Rxe5 Nxc3
30. Rxc3 Rb1+ 31. Kd2 R8b2+ 32. Rc2 (32. Ke3 $2 Re1+ $19) 32... Rxc2+ 33. Kxc2
Rf1 34. Nd3 Rh1 35. h4 Rg1 36. Re3 Rxg3 37. Kc3 g5 $15) 29. Rd5 (29. Rc7 Nb6
30. Nd3 Rc4 $17) 29... Nb6 $1 30. Rd3 (30. Rxe5 $2 Nc4 31. Rc5 Na3 32. Rd2 Rb1+
33. Nxb1 Rxb1#) 30... Bg2 $17) 27... Bxf3 28. Re3 Bg4 29. Rxc5 Rb2 30. Nxg4
Nxg4 31. Re2 Rxe2 32. Nxe2 Rb4 $1 $19 33. Nc3 (33. h3 Nf2) 33... Nxh2 34. a4 (
34. Rxe5 Nf1 35. Ne2 f6 $1 36. Re7+ Kf8 37. Ra7 Rxe4) 34... Nf1 35. a5 Nxg3 36.
a6 Rb8 37. Rxe5 h4 38. Ra5 h3 39. Ra2 Rc8 $1 40. Rc2 Rxc3 0-1

[Event "FRA-NED"]
[Site "Cannes"]
[Date "1990.??.??"]
[Round "8"]
[White "Lautier, Joel"]
[Black "Piket, Jeroen"]
[Result "1-0"]
[WhiteElo "2500"]
[BlackElo "2495"]
[Annotator "Lautier,J"]
[PlyCount "97"]
[EventDate "1990.02.??"]
[EventType "schev"]
[EventRounds "10"]
[EventCountry "FRA"]
[SourceTitle "CBM 018"]
[Source "ChessBase"]
[SourceDate "1990.10.01"]
[SourceVersion "1"]
[SourceVersionDate "1990.10.01"]
[SourceQuality "1"]

1. d4 {Knaak} Nf6 2. c4 g6 3. Nc3 Bg7 4. e4 d6 5. f3 O-O 6. Be3 Nc6 7. Nge2 a6
(7... Rb8 8. Qd2 Re8 $6 9. h4 h5 10. O-O-O a6 11. Nd5 $1 {N} b5 (11... e5 12.
Nxf6+ Bxf6 13. d5 Ne7 14. Nc3 Bg7 (14... Bd7 15. g4 $1 hxg4 16. fxg4 Bxg4 17.
Be2 Bxe2 18. Qxe2 b5 19. h5 $16 {with attack}) 15. Be2 f5 16. Bg5 Qd7 (16... f4
17. g3 fxg3 18. Rdg1 $16) 17. g4 hxg4 18. fxg4 f4 (18... fxg4 19. Rdg1 $16) 19.
h5 {/\ Bf3, Qh2 +/-}) 12. Nxf6+ exf6 (12... Bxf6 13. g4 $1 hxg4 14. h5 gxh5 (
14... gxf3 15. hxg6 $1 fxe2 16. Qxe2 $1 fxg6 17. Qh2 g5 18. Qh7+ Kf8 19. Be2
$18 {/\ Rdf1}) (14... e5 15. hxg6 fxg6 16. d5 Ne7 17. Ng3 $16) 15. Rxh5 e5 16.
d5 Ne7 17. fxg4 $16) 13. g4 $1 hxg4 14. h5 gxf3 15. Ng3 Qe7 {/\ f5} 16. Qh2 $1
Na5 (16... g5 17. h6 Bf8 18. Qh5 {/\ Qf3, Nh5} g4 19. Rh4 {/\ Nf5} f5 20. Bg5
f6 21. Qg6+ $18) 17. hxg6 fxg6 18. Qh7+ Kf7 19. Rh6 Bf5 20. Nxf5 gxf5 21. Rg6
Rg8 22. Bh6 Qf8 23. Bh3 f2 24. Rxf6+ $1 {1:0 Lautier 2465 - M.Schlosser 2430,
Sochi 1989}) 8. Qd2 Re8 $6 9. h4 h5 10. O-O-O b5 11. Nd5 $1 {N} bxc4 (11... e5
12. Nxf6+ Bxf6 13. d5 Ne7 14. c5 $16) 12. Nxf6+ Bxf6 13. g4 $1 hxg4 14. h5 g5
$8 (14... gxf3 15. hxg6 $1 $18) 15. Bxg5 e5 16. Bxf6 Qxf6 17. fxg4 $1 (17. d5
gxf3 18. dxc6 fxe2 19. Qxe2 (19. Bxe2 Qf4 20. Bxc4 Be6 21. Rdg1+ Kh8 $10) 19...
Qh6+ 20. Kb1 Be6 21. Bh3 Rab8) 17... exd4 18. g5 Qf3 19. g6 $1 $16 fxg6 (19...
Qxh1 20. gxf7+ (20. Qh6 {Knaak} fxg6 21. Ng3 $18) 20... Kxf7 21. Qf4+ Ke7 (
21... Kg8 22. Ng3 Qh2 23. Bxc4+ Be6 24. Qg5+ $18) 22. Ng3 Qg1 23. Qg5+ Kf8 24.
Qf6+ $18) (19... Qe3 20. gxf7+ Kxf7 21. Nxd4 Qxd2+ 22. Rxd2 Ne5 23. Rg1 $1 {
/\ Rf2, Rg7} Bg4 24. Bxc4+ Nxc4 25. Rf2+ Ke7 26. Rxg4 $18) 20. Nxd4 Nxd4 21.
Qxd4 Rxe4 (21... Qf4+ 22. Rd2 Qe5 (22... Rxe4 $2 23. Bxc4+ $18) (22... g5 23.
Bxc4+ Be6 24. Rf1 Qe5 25. Qxe5 dxe5 26. Bxe6+ Rxe6 27. Rg1 Rc6+ 28. Kd1 $16)
23. Bxc4+ Be6 24. hxg6 $16) 22. Qd5+ Kg7 23. h6+ Kh7 24. Bg2 $1 Qf4+ (24...
Qxg2 {Knaak} 25. Qf7+) 25. Kb1 c6 $8 (25... Bf5 {Knaak} 26. Qf7+) 26. Qxc6 Bf5
27. Ka1 Ra7 28. Rhf1 $2 {Zeitnot} (28. Bxe4 Bxe4 29. Qxc4 d5 30. Rhf1 $1 (30.
Rxd5 $4 Rc7 $19) 30... Qxh6 31. Qc8 $1 {/\ Rf8 +/-} Qg7 $2 32. Rh1+ $18) 28...
Qe5 $2 {Zeitnot} (28... Rd4 $1) 29. Bxe4 Bxe4 30. Qxd6 Qxd6 31. Rxd6 Kxh6 32.
Rc1 $1 Bf3 (32... Bd3 33. b3 Rc7 34. Rxd3) 33. Rxc4 Kh5 34. Rf6 Re7 35. b4 Bb7
36. Rf8 $1 g5 37. Rh8+ Kg6 38. Rg8+ Kf6 39. Rc5 Re4 40. Rb8 $1 Re7 (40... Rxb4
41. Rc7) 41. Rf8+ Kg7 42. Rff5 $18 Re1+ 43. Kb2 Re2+ 44. Kb3 Re3+ 45. Ka4 Bf3
46. Rxg5+ Kf6 47. Rcf5+ Ke6 48. Rxf3 Rxf3 49. Rg6+ 1-0

[Event "St Stefan/Belgrade m"]
[Site "Belgrade"]
[Date "1992.??.??"]
[Round "12"]
[White "Spassky, Boris Vasilievich"]
[Black "Fischer, Robert James"]
[Result "1-0"]
[WhiteElo "2560"]
[BlackElo "2785"]
[Annotator "Ftacnik,L"]
[PlyCount "107"]
[EventDate "1992.09.??"]
[EventType "match"]
[EventRounds "30"]
[EventCountry "YUG"]
[SourceTitle "CBM 031"]
[Source "ChessBase"]
[SourceDate "1992.12.01"]
[SourceVersion "1"]
[SourceVersionDate "1992.12.01"]
[SourceQuality "1"]

1. d4 Nf6 2. c4 g6 3. Nc3 Bg7 4. e4 d6 5. f3 O-O 6. Be3 Nc6 7. Nge2 a6 8. h4 (
8. Nc1 e5 9. d5 Nd4 10. Nb3 c5 (10... Nxb3 11. Qxb3 c5 12. dxc6 bxc6 13. O-O-O
Qe7 (13... Be6 14. Qa3 Ne8 15. h4 f6 $2 16. c5 $14 {Spassky,B-Kortchnoi,V/Kiev/
1968/}) 14. Qb6 $5 Bb7 15. g4 Rab8 16. h4 Rfc8 17. h5 $14 {Timman,J-Kasparov,G/
Moskva/1981/}) 11. dxc6 Nxc6 $13) 8... h5 9. Nc1 e5 10. d5 Ne7 $6 (10... Nd4
11. Nb3 c5 12. dxc6 bxc6 13. Nxd4 exd4 14. Bxd4 Rb8 15. Qd2 Qa5 $44) 11. Be2
Nh7 (11... Kh7 12. Qd2 Nfg8 13. g4 hxg4 14. fxg4 Bh6 $2 15. g5 Bg7 16. h5 $18)
12. Nd3 (12. g4 $6 hxg4 13. fxg4 f5 14. exf5 gxf5 15. g5 Ng6 $13) 12... f5 13.
a4 $1 Nf6 (13... Kh8 14. a5 Ng8 15. b4 Bh6 16. Qd2 Bxe3 17. Qxe3 Ngf6 18. Nf2
$14) 14. Nf2 $1 a5 15. Qc2 c5 $6 (15... c6 16. Qb3 $5) (15... b6 $5) 16. O-O-O
b6 17. Rdg1 $1 Nh7 (17... f4 18. Bd2 Kh7 19. g3 fxg3 20. Rxg3 Bh6 21. Bxh6 Kxh6
22. Qd2+ Kh7 23. Nd3 {P f4}) (17... Kf7 18. Nh3 Ke8 19. Ng5 $16) 18. Nb5 (18.
g4 hxg4 19. fxg4 f4 20. Bd2 g5 $13) 18... Kh8 $2 (18... Ba6 $5 19. g4 Bxb5 20.
axb5 hxg4 21. fxg4 f4 22. Bd2 g5 23. hxg5 Ng6 24. Rh5 Nxg5 25. Rgh1 $13) 19. g4
hxg4 (19... f4 $5 20. Bd2 Ng8 $16) (19... fxg4 20. fxg4 Nf6 21. gxh5 $16) 20.
fxg4 f4 21. Bd2 g5 22. hxg5 Ng6 23. Rh5 Rf7 24. Rgh1 Bf8 25. Qb3 Rb8 (25... Ba6
26. Qh3 Qd7 27. Nd3 Bxb5 28. axb5 Ra7 29. Ne1 Kg8 30. Nf3 Rg7 31. Nh4 Nxh4 32.
Qxh4 $18) 26. Qh3 Rbb7 27. Nd3 $1 Kg8 28. Ne1 Rg7 (28... Nxg5 29. Rh8+ $1 Kg7
30. Qh6+ Kf6 31. Rh5 $1 Nxe4 (31... Bxh6 32. Rxd8 $18) 32. Nc3 $1 Bxh6 (32...
Nxd2 33. Qg5+ Kg7 34. R5h7#) 33. Nxe4+ Ke7 34. Rxd8 Kxd8 35. Rxh6 Rg7 36. Nxd6
Rbc7 37. Nxc8 Kxc8 38. Bd3 $18) 29. Nf3 Rbf7 $2 (29... Qd7 30. Qh2 $5 (30. Nh4
Nxh4 31. Qxh4 Rg6 $13) (30. Be1 $5 Qxg4 31. Qh2 Qd7 32. Nh4 Nxh4 33. Bxh4 $16)
30... Qd8) 30. Rh6 $1 Qd7 31. Qh5 Qxg4 (31... Nh8 32. g6 $18) 32. Rxg6 Qxh5 33.
Rxg7+ Rxg7 34. Rxh5 $18 Bg4 35. Rh4 Bxf3 36. Bxf3 Nxg5 37. Bg4 Rh7 38. Rxh7
Kxh7 39. Kc2 Be7 40. Kd3 Kg6 41. Nc7 Kf7 42. Ne6 Nh7 43. Bh5+ Kg8 44. Be1 Nf6
45. Bh4 Kh7 46. Bf7 (46. Bxf6 Bxf6 47. Ke2 $18) 46... Nxd5 47. cxd5 Bxh4 48.
Bh5 Kh6 49. Be2 Bf2 50. Kc4 Bd4 51. b3 Kg6 52. Kb5 Kf6 53. Kc6 (53. Kxb6 c4+
54. Nxd4 exd4 55. bxc4 Ke5 56. c5 dxc5 57. Kxc5 Kxe4 58. d6 $18) 53... Ke7 54.
Ng7 1-0

[Event "St Stefan/Belgrade m"]
[Site "Belgrade"]
[Date "1992.??.??"]
[Round "28"]
[White "Spassky, Boris Vasilievich"]
[Black "Fischer, Robert James"]
[Result "1/2-1/2"]
[WhiteElo "2560"]
[BlackElo "2785"]
[Annotator "Ftacnik,L"]
[PlyCount "70"]
[EventDate "1992.09.??"]
[EventType "match"]
[EventRounds "30"]
[EventCountry "YUG"]
[SourceTitle "CBM 031"]
[Source "ChessBase"]
[SourceDate "1992.12.01"]
[SourceVersion "1"]
[SourceVersionDate "1992.12.01"]
[SourceQuality "1"]

1. d4 Nf6 2. c4 g6 3. Nc3 Bg7 4. e4 d6 5. f3 O-O 6. Be3 Nc6 7. Nge2 a6 8. h4 h5
9. Nc1 e5 10. d5 Nd4 (10... Ne7 {Spassky,B-Fischer,R (12)/Sveti Stefan m/1992/}
) 11. Nb3 Nxb3 12. Qxb3 (12. axb3 c6 13. Be2 cxd5 14. cxd5 Bd7 15. g4 b5 16. b4
a5 $132) 12... Kh7 $5 13. Be2 Bh6 14. Bxh6 Kxh6 15. O-O-O Kg7 16. Kb1 Qe7 17.
Rdg1 $1 Rh8 (17... b6 18. g4 Bd7 19. Qc2 $14) 18. g4 hxg4 $1 (18... Rb8 19. Qc2
Bd7 20. Qd2 b5 21. g5 Ne8 22. f4 $40) 19. fxg4 Nd7 20. g5 Nc5 21. Qd1 a5 22.
Rf1 (22. Bg4 Bxg4 23. Qxg4 Rh5 24. Rf1 Rah8 25. Rf3 $140 $2 Rxg5 $1) 22... Bd7
23. Qe1 Rh7 24. Qg3 (24. Rh2 Rah8 25. Rhf2 Be8 (25... Rxh4 $5 26. Rxf7+ Qxf7
27. Rxf7+ Kxf7 $13)) 24... Rf8 25. Rf6 Rfh8 26. b3 Be8 27. Bg4 Bd7 28. Bd1 (28.
Bxd7 Nxd7 29. Rf2 f6 $10) 28... Be8 29. Bg4 Bd7 30. Bd1 Be8 31. Rf2 c6 32. a4
$6 (32. a3 $5 b5 $140 $2 33. b4 axb4 34. axb4 Na6 35. dxc6 $16) 32... Qd8 33.
Ka2 Qe7 34. Bg4 Bd7 35. Bd1 Be8 1/2-1/2

[Event "Hastings 9293"]
[Site "Hastings"]
[Date "1992.??.??"]
[Round "10"]
[White "Sadler, Matthew D"]
[Black "Nunn, John DM"]
[Result "1-0"]
[WhiteElo "2515"]
[BlackElo "2595"]
[Annotator "Knaak,R"]
[PlyCount "52"]
[EventDate "1992.12.??"]
[EventType "tourn"]
[EventRounds "14"]
[EventCountry "ENG"]
[EventCategory "13"]
[SourceTitle "CBM 033"]
[Source "ChessBase"]
[SourceDate "1993.04.01"]
[SourceVersion "1"]
[SourceVersionDate "1993.04.01"]
[SourceQuality "1"]

1. d4 Nf6 2. c4 g6 3. Nc3 Bg7 4. e4 d6 5. f3 O-O 6. Bg5 Nc6 7. Nge2 a6 8. Qd2
Bd7 9. h4 h5 10. O-O-O b5 11. Bh6 e5 12. Nd5 $1 (12. Bxg7 Kxg7 13. Nd5 bxc4 {
+/=/=}) 12... Bxh6 (12... bxc4 $2 13. Nxf6+ Qxf6 14. Bg5 Qe6 15. d5 $18) 13.
Qxh6 $16 bxc4 14. g4 $1 Nxd5 (14... hxg4 $6 15. h5 $18) 15. exd5 Nb4 16. Ng3 $1
c3 (16... Qf6 17. Nxh5 Qh8 18. Qg5 Be8 {/\ f6} 19. Nf6+ Kg7 20. h5 Qh6 $8 21.
Qxh6+ Kxh6 22. g5+ Kxg5 (22... Kg7 23. h6+ Kh8 24. Nxe8 Raxe8 25. Bxc4 {
/\ 26.a3+-}) 23. Nh7+ Kh6 24. hxg6+ Kxg6 25. Nxf8+ Kg7 26. Nh7 $18) (16... hxg4
17. Bxc4 {/\ 18.a3}) 17. Nxh5 $1 $18 gxh5 18. gxh5 Bg4 (18... Nxa2+ 19. Kb1
Bf5+ (19... c2+ 20. Kxa2 $1 $18) 20. Kxa2 Qe8 21. Rg1+ Bg6 22. b3 $1 $18) 19.
Rg1 f5 20. fxg4 f4 21. bxc3 Nxa2+ 22. Kc2 Qxh4 23. Qg6+ Kh8 24. Bd3 Qe7 25.
Qh6+ Kg8 26. Qe6+ Qxe6 (26... Qxe6 27. dxe6 exd4 28. Bc4 Nxc3 29. e7+ Rf7 30.
Rxd4 Nb5 31. Bxf7+ Kxf7 32. Rxf4+ $18) 1-0

[Event "Ciocaltea Memorial"]
[Site "Bucharest"]
[Date "1993.??.??"]
[Round "?"]
[White "Rogozenco, Dorian"]
[Black "Zaitsev, Igor A"]
[Result "0-1"]
[WhiteElo "2480"]
[BlackElo "2450"]
[Annotator "Chekhov,V"]
[PlyCount "72"]
[EventDate "1993.02.??"]
[EventType "tourn"]
[EventRounds "15"]
[EventCountry "ROU"]
[EventCategory "10"]
[SourceTitle "CBM 034"]
[Source "ChessBase"]
[SourceDate "1993.06.01"]
[SourceVersion "1"]
[SourceVersionDate "1993.06.01"]
[SourceQuality "1"]

1. d4 {Knaak} Nf6 2. c4 g6 3. Nc3 Bg7 4. e4 d6 5. f3 O-O 6. Be3 Nc6 7. Nge2 a5
(7... Bd7 8. Qd2 e5 $146 (8... Rb8 $14 {ECO}) 9. d5 Na5 10. Nc1 b6 11. b4 Nb7
12. Rb1 a5 13. a3 Nh5 14. Nd3 Nf4 $13 {Ionescu-Zaitsev,I/Bucharest/1993/}) 8.
Qd2 (8. d5 $6 {Knaak} Ne5 9. Nd4 e6 10. Be2 exd5 11. cxd5 c6 12. dxc6 bxc6 13.
Rc1 $6 d5 $1 $17 {Decroix-Murey/Cht Paris/1991/0-1(24)}) 8... b6 $146 (8... a4
9. d5 Ne5 10. Nd4 $14 {ECO} (10. Nd4 {Knaak} Nfd7 11. Rc1 Nc5 12. Be2 e6 13.
O-O f5 14. dxe6 Nxe6 15. exf5 Nxd4 16. Bxd4 Bxf5 17. a3 g5 $13 {
Seirawan-Jadoul/Brussels/1986/0-1(32)})) (8... Nd7 9. d5 (9. Bh6 {Knaak} a4 10.
h4 Nb6 11. Bxg7 (11. h5 $5 Nxc4 12. Qc1) 11... Kxg7 12. Ng3 (12. h5 Nxc4 13.
Qc1 Rh8 14. h6+ $44) 12... e5 13. h5 g5 14. h6+ Kh8 15. Nb5 $6 (15. d5 $14)
15... exd4 16. Nxd4 Qf6 $13 {Zawadski-Murey/FRA-chT/1991/0-1(59)}) 9... Nce5
10. Nd4 Nc5 11. Be2 $14 {Vyzmanavin-Murey/Benasque/1992/}) 9. g4 (9. d5 Ne5 10.
Nd4 Ba6 11. b3 c5 12. dxc6 Rc8 13. Be2 Nxc6 14. O-O $14) 9... Ba6 10. b3 (10.
Ng3 {Knaak} e5 $1 11. d5 Nd4 $1) 10... e6 11. h4 {11.Bh6 /\ h4,h5} (11. Bh6 $5
{Knaak}) 11... h5 12. Bg5 $6 (12. g5 Nd7 13. Bh3 Qe7 14. O-O $5 $13 (14. O-O-O
$13)) 12... hxg4 $1 13. h5 (13. fxg4 {Knaak} Qd7 $13) 13... Qd7 14. O-O-O (14.
fxg4 Nxg4 15. Bh3 (15. hxg6 fxg6 16. Bh3 Nf2 $17) 15... gxh5 16. Bxg4 hxg4 17.
O-O-O f5 $17) (14. h6 {Knaak} Bh8 15. fxg4 Nh7 (15... Nxg4 $2 16. h7+ Kg7 17.
Bh3 $16) 16. Be3 $13) 14... gxf3 15. Nf4 (15. Bh6 $5 fxe2 $6 16. Bxe2 e5 17.
Rdg1 $13) (15. Ng3 {Knaak}) 15... Nh7 16. Bh6 $1 (16. hxg6 $2 Nxg5 17. Nh5 f6
$19) 16... g5 $1 $17 (16... Bxh6 $2 17. hxg6 Bxf4 18. gxh7+ Kh8 19. Qxf4 Qe7
20. Qxf3 $16) 17. Bxg7 Kxg7 18. Rg1 (18. Nh3 f6 19. d5 Ne5 $17) 18... Kh8 19.
d5 (19. Nh3 f6 20. Qe3 e5 $17) 19... gxf4 $8 (19... Ne5 $2 20. dxe6 fxe6 21.
Ng6+ $16) 20. dxc6 Qxc6 21. Qxf4 Qc5 22. Rg3 f5 $1 23. Qxf3 (23. Rxf3 Bb7 24.
Qh4 fxe4 25. Rxf8+ Rxf8 26. Nxe4 Qe3+ 27. Nd2 Ng5 $19) 23... Bb7 24. Qd3 f4 25.
Rg6 Rae8 26. Bh3 Rf6 27. Rf1 Qe5 $19 28. Bg2 Rxg6 29. hxg6 Ng5 30. Nb5 (30. Kb2
Kg7 31. Rh1 Rf8 $19) 30... Qa1+ 31. Qb1 Qxb1+ 32. Kxb1 f3 33. Bh1 (33. Bxf3
Nxf3 34. Rxf3 Bxe4+) 33... Bxe4+ 34. Kb2 Re7 35. Nc3 Bc6 36. Rg1 Kg7 $1 (36...
Kg7 $1 37. Rxg5 f2 $19) 0-1